| 000 | 01332nam0a2200337 4500 | ||
|---|---|---|---|
| 001 | RU\NLR\BIBL_A\011753545 | ||
| 005 | 20220912143622.0 | ||
| 010 |
_a978-5-699-95030-0 _93000 |
||
| 021 |
_aRU _bАЛ-П-18-00289и _9АЛ-П-18-0054 |
||
| 035 | _a(NLR Aleph) 011753545 | ||
| 090 |
_a11640819 _c11640819 |
||
| 100 | _a20180717d2018 d y0rusy50 ca | ||
| 101 | 1 |
_arus _ceng |
|
| 102 | _aRU | ||
| 105 | _aa t 000 | ||
| 200 | 1 |
_aСердце, Мозг и Кишечник _eвойна без конечностей _e[бомбический комикс _fСелак Ник _gпер. с англ. А. Миграновой] |
|
| 210 |
_aМосква _cЭ _d2018 |
||
| 215 |
_a144 с. _cцв. ил. _d21 |
||
| 225 | 1 |
_aНеуклюжий Йети представляет _dThe Awkward Yeti Presents _zeng |
|
| 225 | 1 |
_aКомиксы _iТайный мир внутренних органов |
|
| 333 | _a12+ | ||
| 686 | 1 | _aШ6(7США)67-440.4комикс{Лх1979-50комикс} | |
| 686 | 1 | _aЩ153(7США)65-475 | |
| 702 | 1 |
_aСелак _bН. _gНик _3RU\NLR\AUTH\770181455 _4570 |
|
| 702 | 1 |
_aСелак _bН. _gНик _3RU\NLR\AUTH\770181455 _4040 |
|
| 942 | _cBOOK | ||
| 980 | _aNBR | ||
| 980 | _aNB | ||